00218nam a22000857a 4500082001400000100002000014245006200034260002700096300000900123 a428.24HUT aHutchinson, Tom aInterface: english for technical communication : teachers aLondon bLongmanc1984 a128p